000 00847cam a2200241 4500
001 J3910
008 090401t1995 xxu||||| |||| 00| 0 eng d
035 _a(Sirsi) u57404
041 _aeng
050 _a333.0023
100 _aDent, Peter
245 _aCan graduates still hope to put principles into practice? A study of employment opportunities for estate management graduates.
260 _aBirmingham
_bUniversity of Central England in Birmingham
_c1995
300 _a17p.
_c30cm.
520 _aThe Guy Bigwood Award. Presented at the Guy Bigwood Conference, Birmingham on 2 November 1995.
650 _aESTATE MANAGEMENT
650 _aGRADUATE EMPLOYMENT
650 _aGUY BIGWOOD AWARD
650 _aGUY BIGWOOD CONFERENCE
690 _aMANAGEMENT-BUSINESS MANAGEMENT-PROFESSIONAL PRACTICE
942 _n0
948 _c04/03/1997
999 _c93930
_d93930